Νέα Εστία
Αποθηκεύτηκε σε:
| Μορφή: | Περιοδική έκδοση |
|---|---|
| Γλώσσα: | Greek |
| Δημοσίευση: |
Αθήνα :
Βιβλιοπωλείον της Εστίας,
1927-
|
| Θέματα: | |
| Ετικέτες: |
Προσθήκη ετικέτας
Δεν υπάρχουν, Καταχωρήστε ετικέτα πρώτοι!
|
MARC
| LEADER | 00000cas a2200000 i 4500 | ||
|---|---|---|---|
| 001 | 1/104772 | ||
| 008 | 000317c19279999gr |||||||||||| ||gre|| | ||
| 022 | |a 0028-1735 | ||
| 035 | |l 10058969 | ||
| 040 | |a GR-My-Ua |b gre |e AACR2 | ||
| 041 | 0 | |a gre | |
| 082 | 0 | |a 889.05 |2 (23) | |
| 222 | 0 | |a Νέα Εστία | |
| 245 | 1 | 0 | |a Νέα Εστία |h [περιοδικό] : |
| 260 | |a Αθήνα : |b Βιβλιοπωλείον της Εστίας, |c 1927- | ||
| 300 | |a τ. : |c 24 εκ. ; | ||
| 310 | |a Μηνιαίο, |b 1998 (Ιούνιος)- | ||
| 321 | |a Δεκαπενθήμερο, |b 1998 (Μαίος)- | ||
| 362 | 1 | |a Τεύχ.1 (1927 Απρίλιος) - | |
| 500 | |a Ιδρυτής Γρηγόριος Ξενόπουλος (1927) ; Διευθυντές: 1927-1932 Γρηγόριος Ξενόπουλος. - 1933-1934 Γρηγόριος Ξενόπουλος, Πέτρος Χάρης. - 1935-1987 Πέτρος Χάρης. - 1988-1998 Ε.Ν. Μόσχος. | ||
| 500 | |a Διαθέσιμο στο διαδίκτυο: http://www.ekebi.gr, αρχείο περιοδικών, ψηφιοποιημένα περιοδικά: τεύχη: Τεύχ.1 (1927:ΑΠΡ)-τεύχ.1773 (2004:ΔΕΚ). | ||
| 515 | |a Κάθε τεύχος έχει ξεχωριστό τίτλο-αφιέρωμα. | ||
| 515 | |a Υπάρχει και αυτή η ιδιαιτερότητα στην αρίθμηση του περιοδικού. I/1927-XII/1932XIV/1933-XXIX/1941XXXI/1942-CXIV/1983.CXV.1356/1984.CXVIII.1403/1985-Aφιέρωμα στη Θεσσαλονίκη.CXXXIII.1571/1992-Aφιέρωμα στη Mακεδονία.CL.1738/2001-Αφιέρωμα στον Γρηγόριο Ξενόπουλο.CLI.1740/2001-Αφιέρωμα στον Άγγελο Σικελιανό.CLI.1744/2002-Αφιέρωμα στον Ανδρέα Εμπειρίκο.Το τεύχος 875 (1963) είναι αφιέρωμα στα Χίλια Χρόνια : Το Άγιο Όρος και ο χριστιανικός κόσμος. | ||
| 505 | 0 | |a Το παράρτημα Λέσβου διαθέτει τα τεύχη: Αφιέρωμα στον Κωνσταντίνο Άμαντο (ο δάσκαλος-ο ερευνητής-ο ιστορικός), Διακόσια χρόνια από την γαλλική επανάσταση (1789-1989), Αφιέρωμα στη Μακεδονία, Αφιέρωμα στους λαούς της χερσονήσου του Αίμου (Αλβανία-Βουλγαρία- τ. Γιουγκοσλαβία-Ρουμανία-Τουρκία, ιστορία-σχέσεις με Ελλάδα-λογοτεχνία. | |
| 505 | 8 | |a Το παράρτημα Ρόδου έχει στην συλλογή του τα εξής τεύχη: Τεύχος 355 (1941) ; Από τον τόμο 132, τεύχος 1548 (1992) έως τον τόμο 179, τεύχος 1871 (2015) η συλλογή είναι ελλιπής. | |
| 650 | 0 | 0 | |a Greek literature, Modern |x Periodicals. |
| 650 | 0 | |a Spiritual life |z Greece |y 19th century. | |
| 853 | |a INST |b LESVOS |c SER |h 880 | ||
| 853 | |a INST |b RHODES |c SER |h 889.05 | ||
| 920 | |a ΤΜΗΜΑ ΚΟΙΝΩΝΙΚΗΣ ΑΝΘΡΩΠΟΛΟΓΙΑΣ ΚΑΙ ΙΣΤΟΡΙΑΣ |y Λέσβος |z 2000-02 | ||
| 922 | |a 4ΕΛΗ |b 1992-01 |c Βιβλιοθήκη Ρόδου | ||